000 00621nam a2200205Ia 4500
999 _c6274
_d6274
003 OSt
005 20201015143958.0
008 151021s9999 xx 000 0 und d
020 _a273684264
040 _aMMU
_beng
_cMMU
_dMMU
050 _aTS183.O642006
100 _aSlack, Nigel
245 _a_Operations and process management Principles and practice for strategic impact
_cNigel Slack...{et al..}.
260 _aEngland :
_bPrentice Hall,
_c2006
300 _axxv, 531 p. :
_bill.;
500 _aIncludes index
650 _a_Operation and processes
700 _a_Stuart Chambers
942 _2lcc
_cLOAN LOAN